[Event "Topusko op 3rd"]
[Site "Topusko"]
[Date "2014.08.10"]
[Round "4"]
[White "Vidmar, Klara"]
[Black "Kapetanic, Josip"]
[Result "1-0"]
[WhiteElo "1298"]
[BlackElo "1615"]
[PlyCount "87"]
[EventDate "2014.08.08"]
[EventType "swiss"]
[EventRounds "9"]
[EventCountry "CRO"]
[SourceTitle "CBM 162 Extra"]
[Source "ChessBase"]
[SourceDate "2014.10.17"]
[SourceVersion "1"]
[SourceVersionDate "2014.10.17"]
[SourceQuality "1"]

1. e4 e5 2. Nf3 Nc6 3. Bc4 Nf6 4. d3 Bc5 5. c3 0-0 6. 0-0 d6 7. h3 Be6 8. Bb5 Ne7 9. Bg5 c6 10. Ba4 b5 11. Bb3 Ng6 12. d4 h6 13. Bxf6 Qxf6 14. dxc5 d5 15. exd5 cxd5 16. Kh1 e4 17. Nd4 Qg5 18. Nxe6 fxe6 19. Qg4 Rf5 20. Qxg5 Rxg5 21. g3 Rf8 22. Nd2 e3 23. fxe3 Rxg3 24. Rxf8+ Kxf8 25. Rf1+ Kg8 26. Rf3 Rg5 27. Kh2 Nh4 28. Rf2 Re5 29. c6 Ng6 30. Rf3 Ne7 31. c7 g5 32. a4 a6 33. axb5 axb5 34. Bc2 d4 35. cxd4 Rd5 36. Bb3 Rd7 37. Bxe6+ Kh8 38. Bxd7 Ng8 39. c8Q g4 40. Rf8 g3+ 41. Kxg3 h5 42. Bf5 Kg7 43. Rxg8+ Kf6 44. Qe6# 1-0